| 000 | 00545nam a2200169 i 4500 | ||
|---|---|---|---|
| 001 | 76615 | ||
| 003 | ES-MaACL | ||
| 005 | 20230906172910.0 | ||
| 007 | t| | ||
| 008 | 041004s1921 fr ||||1| fre d | ||
| 100 | 1 |
_aGuisez, Jean. _960902 |
|
| 245 | 1 | 0 |
_aDiagnostic, traitement et expertise des séquelles oto-rhino-laryngologiques / _cpar Jean Guisez ; préface par A. Gilbert. |
| 260 |
_aParis : _b[s.n., _c1921] ( _eCorbeil : _fCrété) |
||
| 300 |
_a222 p. ; _c19 cm. |
||
| 700 | 1 |
_aGilbert , Augustin. _9142271 |
|
| 852 |
_aES-MaACL _jB-11187 |
||
| 999 |
_c76615 _d76615 |
||